<?xml version="1.0" encoding="UTF-8"?>
<record
    xmlns:xsi="http://www.w3.org/2001/XMLSchema-instance"
    xsi:schemaLocation="http://www.loc.gov/MARC21/slim http://www.loc.gov/standards/marcxml/schema/MARC21slim.xsd"
    xmlns="http://www.loc.gov/MARC21/slim">

  <leader>02631nab a2200421uuc4500</leader>
  <controlfield tag="001">1353530</controlfield>
  <controlfield tag="005">20240202113112.0</controlfield>
  <controlfield tag="008">131206e20130405                    mul  </controlfield>
  <datafield tag="035" ind1=" " ind2=" ">
    <subfield code="a">1353530</subfield>
  </datafield>
  <datafield tag="040" ind1=" " ind2=" ">
    <subfield code="c">comduadb</subfield>
  </datafield>
  <datafield tag="041" ind1=" " ind2=" ">
    <subfield code="a">ENG</subfield>
    <subfield code="a">mul</subfield>
  </datafield>
  <datafield tag="100" ind1="1" ind2="0">
    <subfield code="a">Tristancho Reyes, Jos&#xE9; Luis</subfield>
    <subfield code="4">aut</subfield>
    <subfield code="e">aut</subfield>
    <subfield code="9">403118</subfield>
  </datafield>
  <datafield tag="245" ind1="1" ind2="0">
    <subfield code="a">Mec&#xE1;nica (dossier)</subfield>
  </datafield>
  <datafield tag="505" ind1=" " ind2=" ">
    <subfield code="a">CONTENIDO: Evaluaci&#xF3;n de la corrosi&#xF3;n de un cobre comercialmente puro en mezclas de bioetanol- gasolina, mediante gravimetr&#xED;a y electroqu&#xED;mica / Jos&#xE9; Luis Tristancho Reyes (pp. 79-85). -- Revisi&#xF3;n y an&#xE1;lisis de dise&#xF1;o mecatr&#xF3;nico para dise&#xF1;o curricular transdisciplinario de programas de ingenier&#xED;a multidisciplinares / Jaime Humberto Carvajal Rojas (pp. 86-94). -- The combustion engine as a mechatronic object in mechanical technology undergraduate curriculum / Carlos Alberto Romero Piedrahita; Ricardo Acosta Acosta; Yamid Alberto Carranza S&#xE1;nchez (pp. 95-100). -- Estrategia de Coordinaci&#xF3;n y Comunicaci&#xF3;n para Sistemas Rob&#xF3;ticos Colaborativos / Ricardo Castillo Estepa; Jo&#xE3;o Mauricio Ros&#xE1;rio; Germ&#xE1;n Vargas Torres (pp. 101-107). -- Simulaci&#xF3;n din&#xE1;mica de una transmisi&#xF3;n de variaci&#xF3;n contin&#xFA;a / Mar&#xED;a B&#xE1;rbara Calva Y&#xE1;&#xF1;ez; Edgar Alfredo Portilla Flores; Paola Andrea Ni&#xF1;o Su&#xE1;rez; Gabriel Sep&#xFA;lveda Cervantes; Juan Carlos Gonz&#xE1;lez Robles (pp. 108-113).</subfield>
  </datafield>
  <datafield tag="650" ind1=" " ind2=" ">
    <subfield code="a">Bioetanol</subfield>
    <subfield code="9">111168</subfield>
  </datafield>
  <datafield tag="650" ind1=" " ind2=" ">
    <subfield code="a">Velocidad de corrosi&#xF3;n</subfield>
    <subfield code="9">31433</subfield>
  </datafield>
  <datafield tag="650" ind1=" " ind2=" ">
    <subfield code="a">Gravimetr&#xED;a</subfield>
    <subfield code="9">72393</subfield>
  </datafield>
  <datafield tag="650" ind1=" " ind2=" ">
    <subfield code="a">Dise&#xF1;o mecatr&#xF3;nico</subfield>
    <subfield code="9">187051</subfield>
  </datafield>
  <datafield tag="650" ind1=" " ind2=" ">
    <subfield code="a">Mecatr&#xF3;nica</subfield>
    <subfield code="9">15499</subfield>
  </datafield>
  <datafield tag="650" ind1=" " ind2=" ">
    <subfield code="a">Motores de combusti&#xF3;n interna</subfield>
    <subfield code="9">24705</subfield>
  </datafield>
  <datafield tag="650" ind1=" " ind2=" ">
    <subfield code="a">Rob&#xF3;tica m&#xF3;vil</subfield>
    <subfield code="9">166466</subfield>
  </datafield>
  <datafield tag="650" ind1=" " ind2=" ">
    <subfield code="a">Mecanismo de cuatro barras</subfield>
    <subfield code="9">29826</subfield>
  </datafield>
  <datafield tag="650" ind1=" " ind2=" ">
    <subfield code="a">Modelos din&#xE1;micos</subfield>
    <subfield code="9">176600</subfield>
  </datafield>
  <datafield tag="700" ind1="1" ind2="0">
    <subfield code="a">Carvajal Rojas, Jaime Humberto</subfield>
    <subfield code="4">aut</subfield>
    <subfield code="e">aut</subfield>
    <subfield code="9">545949</subfield>
  </datafield>
  <datafield tag="700" ind1="1" ind2="0">
    <subfield code="a">Romero Piedrahita, Carlos Alberto</subfield>
    <subfield code="4">aut</subfield>
    <subfield code="e">aut</subfield>
    <subfield code="9">304611</subfield>
  </datafield>
  <datafield tag="700" ind1="1" ind2="0">
    <subfield code="a">Acosta Acosta, Ricardo</subfield>
    <subfield code="4">aut</subfield>
    <subfield code="e">aut</subfield>
    <subfield code="9">542800</subfield>
  </datafield>
  <datafield tag="700" ind1="1" ind2="0">
    <subfield code="a">Carranza S&#xE1;nchez, Yamid Alberto</subfield>
    <subfield code="4">aut</subfield>
    <subfield code="e">aut</subfield>
    <subfield code="9">702596</subfield>
  </datafield>
  <datafield tag="700" ind1="1" ind2="0">
    <subfield code="a">Castillo Estepa, Ricardo Andr&#xE9;s</subfield>
    <subfield code="4">aut</subfield>
    <subfield code="e">aut</subfield>
    <subfield code="9">691787</subfield>
  </datafield>
  <datafield tag="700" ind1="1" ind2="0">
    <subfield code="a">Ros&#xE1;rio, Joao Maur&#xED;cio</subfield>
    <subfield code="4">aut</subfield>
    <subfield code="e">aut</subfield>
    <subfield code="9">669845</subfield>
  </datafield>
  <datafield tag="700" ind1="1" ind2="0">
    <subfield code="a">Vargas Torres, German</subfield>
    <subfield code="4">aut</subfield>
    <subfield code="e">aut</subfield>
    <subfield code="9">712462</subfield>
  </datafield>
  <datafield tag="700" ind1="1" ind2="0">
    <subfield code="a">Calva Y&#xE1;&#xF1;ez, Mar&#xED;a B&#xE1;rbara</subfield>
    <subfield code="4">aut</subfield>
    <subfield code="e">aut</subfield>
    <subfield code="9">688736</subfield>
  </datafield>
  <datafield tag="700" ind1="1" ind2="0">
    <subfield code="a">Portilla Flores, &#xC9;dgar Alfredo</subfield>
    <subfield code="4">aut</subfield>
    <subfield code="e">aut</subfield>
    <subfield code="9">576176</subfield>
  </datafield>
  <datafield tag="700" ind1="1" ind2="0">
    <subfield code="a">Ni&#xF1;o Su&#xE1;rez, Paola Andrea</subfield>
    <subfield code="4">aut</subfield>
    <subfield code="e">aut</subfield>
    <subfield code="9">363937</subfield>
  </datafield>
  <datafield tag="700" ind1="1" ind2="0">
    <subfield code="a">Sep&#xFA;lveda Cervantes, Gabriel</subfield>
    <subfield code="4">aut</subfield>
    <subfield code="e">aut</subfield>
    <subfield code="9">688737</subfield>
  </datafield>
  <datafield tag="700" ind1="1" ind2="0">
    <subfield code="a">Gonz&#xE1;lez Robles, Juan Carlos</subfield>
    <subfield code="4">aut</subfield>
    <subfield code="e">aut</subfield>
    <subfield code="9">683208</subfield>
  </datafield>
  <datafield tag="773" ind1="0" ind2=" ">
    <subfield code="t">Scientia Et Technica (Pereira)</subfield>
    <subfield code="g">Vol. 18, No. 01, Abr. 2013. CD-ROM, p. 79-113</subfield>
    <subfield code="w">205375</subfield>
    <subfield code="x">0122-1701</subfield>
    <subfield code="0">84632</subfield>
  </datafield>
  <datafield tag="942" ind1=" " ind2=" ">
    <subfield code="c">ARIMP</subfield>
  </datafield>
  <datafield tag="999" ind1=" " ind2=" ">
    <subfield code="c">662263</subfield>
    <subfield code="d">662263</subfield>
  </datafield>
</record>
